000 00833nam a2200265 i 4500
001 bg
100 1 _aKOSZKUL, Józef
245 1 0 _aPolipropylen i jego kompozyty /
_cJózef Koszkul.
260 _aCzęstochowa :
_bWydaw. PC,
_c1997.
300 _a146, [4] s. :
_bfot., rys., wykr. ;
_c24 cm.
490 1 _aMonografie / Politechnika Częstochowska,
_x0860-5017 ;
_vnr 50
500 _aStreszcz. ang., niem., ros.
504 _aBibliogr. s. 143-[147].
650 9 _aKompozyty
_xzagadnienia
650 9 _aPolipropylen
710 0 _aPOLITECHNIKA CZĘSTOCHOWSKA (Częstochowa)
830 0 _aMonografie (Politechnika Częstochowska) ;
_vnr 50
020 _a8371930062
040 _cBPK
041 0 _apl
_benderu
080 _a678.7.017
920 _a83-7193-006-2
942 _cKS
008 s pl f |000 0 pol
999 _c33147
_d33147
856 _uhttp://koha.tu.koszalin.pl/cgi-bin/koha/opac-detail.pl?biblionumber=33147
_yKatalog online BPK